|
|
|
|
| LEADER |
00000nab a2200000 a 4500 |
| 001 |
vtls008640446 |
| 003 |
SK-MaSNL |
| 005 |
20260304210642.0 |
| 008 |
250505c2005 xo |||||||||||000 b|slo |
| 015 |
|
|
|a SNBRB2006/03
|2 snkbucl
|
| 035 |
|
|
|a (uuid)769a01da-7d4c-47b3-9b4c-ad0ece82d4a2
|
| 035 |
|
|
|a urn:nbn:sk:snk-abaehd
|
| 035 |
|
|
|a (urnnbn)urn:nbn:sk:snk:ar-007g5b
|
| 038 |
|
|
|a SNKBUCL
|
| 040 |
|
|
|a SNKBUCL
|b slo
|c SNKBUCL
|e AACR2
|
| 041 |
0 |
|
|a eng
|
| 044 |
|
|
|a xo
|c SK
|
| 080 |
|
|
|a 004.438
|2 1997
|
| 080 |
|
|
|a 004.42.047
|2 1997
|
| 100 |
1 |
|
|a Mernik, Marjan
|4 aut
|9 1170592
|
| 245 |
1 |
0 |
|a Prolog and automatic language implementation systems
|c Marjan Mernik, Matej Črepinšek
|
| 300 |
|
|
|b Sch., tab.
|
| 500 |
|
|
|a Biogr. údaje
|
| 504 |
|
|
|a Bibliogr. odkazy
|
| 546 |
|
|
|a Res. angl.
|
| 630 |
0 |
7 |
|a Prolog (programovací jazyk)
|2 snkbucl
|9 1542007
|
| 650 |
0 |
7 |
|a programovacie jazyky
|2 snkbucl
|9 1838
|
| 650 |
0 |
7 |
|a logické programovanie
|2 snkbucl
|9 1860
|
| 700 |
1 |
|
|a Črepinšek, Matej
|4 aut
|9 1170593
|
| 773 |
0 |
|
|t Acta electrotechnica et informatica
|g Vol. 5, no. 3 (2005), p. 42-49
|x 1335-8243
|
| 850 |
|
|
|a Slovenská národná knižnica
|
| 852 |
|
|
|a Slovenská národná knižnica
|
| 958 |
|
|
|a article14
|
| 958 |
|
|
|a OND
|
| 958 |
|
|
|a NB
|
| 958 |
|
|
|a EUIPO
|
| 999 |
|
|
|c 3127042
|d 3128972
|